| 000 | 00486 a2200157 4500 | ||
|---|---|---|---|
| 999 |
_c4324 _d4324 |
||
| 020 | _a0435800426 | ||
| 050 | _aLB3011P0T1992 | ||
| 100 |
_aPotter,David _eauthor |
||
| 245 |
_aManaging a better school / _cDavid Potter; Graham Powell |
||
| 264 |
_aOxford : _b Heinemann Educational, _c10992 |
||
| 300 | _a150p. : | ||
| 500 | _ano index | ||
| 650 | _aSchool management and organization -- Great Britain. | ||
| 650 | _aSchool management and organization. | ||
| 942 |
_2lcc _cBK _h3011 _iPOT _kLB |
||